| 000 | 00686nam a2200253 a 4500 | ||
|---|---|---|---|
| 001 | adlib96000001 | ||
| 003 | ViArRB | ||
| 005 | 200902210153555.7 | ||
| 008 | 960221s1955 dcuabcdjdbkoqu001 0deng d | ||
| 020 | _a1-59454-769-6 | ||
| 022 | _a | ||
| 040 | _aAdlib | ||
| 082 | _a530.145.6 | ||
| 245 | _aAdvances in soliton research | ||
| 250 | _a | ||
| 260 |
_aNew York _bNova science publishers _c2006 |
||
| 300 |
_aviii, 189p _c |
||
| 500 | _a | ||
| 100 |
_aChen, L.V. _eed. by |
||
| 700 |
_a _a |
||
| 942 | _cBK | ||
| 653 |
_asoliton _aSolitons |
||
| 952 |
_w2010-06-16 _p00058061 _r2013-02-07 _40 _00 _bUL _10 _o530.145.6 CHE _d2010-06-16 _70 _yBK _s2013-01-07 _l1 _aUL |
||
| 999 |
_c52272 _d52271 |
||